000 00310 a2200157 4500
001 162584
020 _a
040 _cMagnum
100 _aBraido, Selma
240 1 0 _aA gansa de ouro
_lpor
245 1 0 _aA gansa de ouro
362 0 _a1899
440 1 _aFTD
697 _aI/FADAS, FANTASIA
942 _cBK
999 _c162584
_d162584